000 00375nam a2200157Ia 4500
008 151213s9999 xx 000 0 und d
100 _aPro. A. . Khan
245 _aMacro Economics Theory & Policy
_cPro. A. . Khan
250 _a3rd
260 _aCambridge
300 _a2189 p.
650 _aEconomics
650 _aEconomics
700 _aPro. A. . Khan
999 _c1599
_d1599